000 00790nam a22002057a 4500
999 _c6654
_d6654
003 AR-CdUCM
008 190318b ||||| |||| 00| 0 spa d
040 _aMUNICIPALIDAD PROVINCIAL DEL CUSCO
_cBIBLIOTECA MUNICIPAL DEL CUSCO
082 _23ed.
_a508 /
_bV614
100 _aVian Ortuño, Angel.
_918718
245 _aEl pronóstico económico en química industrial /
260 _aMadrid :
_bAlhambra,
_c1979.
300 _a343 páginas ;
_bIlustraciones,
_c20 cm.
505 _aContenido: Acción -- Acciones esenciales -- Actividad -- Aislamientos Calorífico -- Algoritmo de Dantzig -- Amortización -- Análisis de balance...
650 _aQuímica industrial
_918719
650 _aAspectos económicos.
_9261
650 _aAlgoritmos.
_918720
942 _2ddc
_cLIBROS
945 _awnts